000 00523nam a2200169Ia 4500
005 20260302160847.0
008 260302s9999 xx 000 0 und d
020 _a9781849710497
082 _a338.91
_bRAN.10
100 _aRandel, Judith
245 0 _aThe Reality of Aid 1997-1998 /
_cRandel, Judith; German, Tony
260 _c2009
520 _aFirst Published in 2009. Routledge is an imprint of Taylor & Francis, an informa company.
650 _aEconomic assistance
700 _aGerman, Tony
942 _cENGLISH
999 _c616595
_d616595